Fundamentals of plant pathology / (Record no. 76321)

MARC details
000 -LEADER
fixed length control field 00637nam a22002057a 4500
005 - DATE AND TIME OF LATEST TRANSACTION
control field 20130618115232.0
010 ## - LCCN (DPL NO)
LC control number ENG-107366
020 ## - INTERNATIONAL STANDARD BOOK NUMBER
International Standard Book Number 9788120347038
Terms of availability 495.00
035 ## - SYSTEM CONTROL NUMBER
System control number EN-90899
037 ## - SOURCE OF ACQUISITION
Source of stock number/acquisition DBAD/PUB
082 ## - DEWEY DECIMAL CLASSIFICATION NUMBER
Classification number 581.2
100 ## - MAIN ENTRY--PERSONAL NAME
Personal name Ravichandra, N.G.
245 ## - TITLE STATEMENT
Title Fundamentals of plant pathology /
Statement of responsibility, etc by N.G. Ravichandra
260 ## - PUBLICATION, DISTRIBUTION, ETC. (IMPRINT)
Place of publication, distribution, etc New Delhi
Name of publisher, distributor, etc PHI Learning
Date of publication, distribution, etc 2013
270 ## - ADDRESS
Address Rimjhim House, 111, Patparganj Industrial Estate
City Delhi
Postal code 110092
300 ## - PHYSICAL DESCRIPTION
Extent xxiv,639p. :
Dimensions 24cm(pbk)
Other physical details ill.
500 ## - GENERAL NOTE
General note Includes bibliographical references and index
700 ## - ADDED ENTRY--PERSONAL NAME
Personal name
942 ## - ADDED ENTRY ELEMENTS (KOHA)
Source of classification or shelving scheme Dewey Decimal Classification
Item type English Books
Call number suffix RAV
Classification part 581.2
Holdings
Withdrawn status Lost status Not for loan Collection code Home library Current library Date acquired Source of acquisition Cost, normal purchase price Full call number Barcode Copy number Cost, replacement price Koha item type
    Not For Loan Non-fiction D.B.Act.Division D.B.Act.Division 29/05/2013 DBAD/PUB 495.00 581.2 RAV EN-90899 1 495.00 English Books

© Delhi Public Library
Hit Counter
free hit counter